INTERNATIONAL RELATIONS AND WORLD POLITICS (Record no. 343637)

000 -LEADER
fixed length control field 00509 a2200181 4500
003 - CONTROL NUMBER IDENTIFIER
control field OSt
005 - DATE AND TIME OF LATEST TRANSACTION
control field 20231018163056.0
008 - FIXED-LENGTH DATA ELEMENTS--GENERAL INFORMATION
fixed length control field 160518b xxu||||| |||| 00| 0 eng d
020 ## - INTERNATIONAL STANDARD BOOK NUMBER
International Standard Book Number 0
040 ## - CATALOGING SOURCE
Transcribing agency 0
082 ## - DEWEY DECIMAL CLASSIFICATION NUMBER
Classification number 327.01
Author Mark VIO
100 ## - MAIN ENTRY--PERSONAL NAME
Personal name PAUL R. VIOTTI
9 (RLIN) 118508
110 ## - MAIN ENTRY--CORPORATE NAME
Corporate name or jurisdiction name as entry element MARK V. KAUPPI
9 (RLIN) 118509
245 ## - TITLE STATEMENT
Title INTERNATIONAL RELATIONS AND WORLD POLITICS
Statement of responsibility, etc. PAUL R. VIOTTI
260 ## - PUBLICATION, DISTRIBUTION, ETC.
Place of publication, distribution, etc. ISLAMABAD
Name of publisher, distributor, etc. NATIONAL BOOK FOUNDATION ISLAMABAD
Date of publication, distribution, etc. 2008
300 ## - PHYSICAL DESCRIPTION
Extent 584 p.
Other physical details HB
942 ## - ADDED ENTRY ELEMENTS (KOHA)
Institution code [OBSOLETE] NBS
Koha item type Book
Call number prefix 327.01 VIO
Source of classification or shelving scheme
Holdings
Withdrawn status Lost status Source of classification or shelving scheme Damaged status Not for loan Permanent Location Current Location Date acquired Total Checkouts Full call number Barcode Date last seen Date last checked out Price effective from Koha item type Shelving location
          Central Library (CL) Central Library (CL) 08/28/2013 3 327.101 VIO NBSD-1254 04/29/2026 09/12/2019 08/28/2013 Book  
          Central Library (CL) Central Library (CL) 08/28/2013 2 327.101 VIO NBSD-1250 06/18/2021 12/14/2018 08/28/2013 Book  
          Central Library (CL) Central Library (CL) 08/28/2013 1 327.101 VIO NBSD-1251 06/22/2025 08/29/2017 08/28/2013 Book  
          Central Library (CL) Central Library (CL) 08/28/2013 6 327.101 VIO NBSD-1252 12/14/2021 11/12/2021 08/28/2013 Book  
          Central Library (CL) Central Library (CL) 08/28/2013 2 327.101 VIO NBSD-1255 07/19/2017 07/19/2017 08/28/2013 Book  
          Central Library (CL) Central Library (CL) 04/04/2017 2 327.101 VIO NBSD-1253 02/14/2019 01/14/2019 04/04/2017 Book General Stacks
© 2023 Central Library, National University of Sciences and Technology. All Rights Reserved.